| 000 | 00524cam a2200217 4500 | ||
|---|---|---|---|
| 001 | J647 | ||
| 008 | 090401t1992 xxu||||| |||| 00| 0 eng d | ||
| 035 | _a(Sirsi) u76026 | ||
| 041 | _aeng | ||
| 050 | _a381.3 | ||
| 110 |
_aHealey and Baker _91907 |
||
| 245 | _aIssue 2 - April 1992: Sunday trading. | ||
| 260 |
_aLondon _bHealey and Baker _c1992 |
||
| 300 | _a(6)p. ; 30cm. | ||
| 350 | _a0 | ||
| 650 | _aRETAILING | ||
| 650 | _aSUNDAY TRADING | ||
| 690 | _aECONOMIC AND SOCIAL | ||
| 942 | _n0 | ||
| 948 | _c04/03/1997 | ||
| 999 |
_c96110 _d96110 |
||